Acrobat The Yogi And The Sangathi (Record no. 19029)

MARC details
000 -LEADER
fixed length control field 00314nam a2200121Ia 4500
008 - FIXED-LENGTH DATA ELEMENTS--GENERAL INFORMATION
fixed length control field 220803s9999 xx 000 0 und d
041 ## - LANGUAGE CODE
Language code of text/sound track or separate title eng
082 ## - DEWEY DECIMAL CLASSIFICATION NUMBER
Classification number 741.2 DOS
100 ## - MAIN ENTRY--PERSONAL NAME
Personal name Doshi B
9 (RLIN) 30206
245 ## - TITLE STATEMENT
Title Acrobat The Yogi And The Sangathi
260 ## - PUBLICATION, DISTRIBUTION, ETC. (IMPRINT)
Name of publisher, distributor, etc. "Vastu Shilpa Foundation, Ahmedabad"
Date of publication, distribution, etc. 2006
300 ## - PHYSICAL DESCRIPTION
Extent 26p
Holdings
Withdrawn status Lost status Damaged status Not for loan Home library Current library Date acquired Vendor Cost, normal purchase price Full call number Barcode Date last seen Bill Date Koha item type Original Barcode
      Reference Dr. Bhanuben Nanavati College of Architecture Dr. Bhanuben Nanavati College of Architecture 10/08/2021 Principal 300.00 741.2 DOS BNCA-DB-1801 03/08/2022 03/08/2022 Donated Book DB001801